<?xml version="1.0" encoding="UTF-8"?>
<record
    xmlns:xsi="http://www.w3.org/2001/XMLSchema-instance"
    xsi:schemaLocation="http://www.loc.gov/MARC21/slim http://www.loc.gov/standards/marcxml/schema/MARC21slim.xsd"
    xmlns="http://www.loc.gov/MARC21/slim">

  <leader>00688nam a2200133Ia 4500</leader>
  <controlfield tag="008">120622s9999    xx            000 0 und d</controlfield>
  <datafield tag="020" ind1=" " ind2=" ">
    <subfield code="a">968-856-994-1</subfield>
  </datafield>
  <datafield tag="082" ind1=" " ind2=" ">
    <subfield code="a">338.10972 E586e</subfield>
  </datafield>
  <datafield tag="100" ind1=" " ind2=" ">
    <subfield code="a">G&#xF3;mez Cruz, Manuel ; coord</subfield>
  </datafield>
  <datafield tag="245" ind1=" " ind2=" ">
    <subfield code="a">Estrategias para el cambio en el campo mexicano / Manuel G&#xF3;mez Cruz ; Rita Schwentesius Rindermann ; coordinadores</subfield>
  </datafield>
  <datafield tag="260" ind1=" " ind2=" ">
    <subfield code="a">M&#xE9;xico : Universidad Aut&#xF3;noma de Chapingo ; Centro de Investigaciones Econ&#xF3;micas, Sociales y Tecnol&#xF3;gicas de la Agroindustria</subfield>
  </datafield>
  <datafield tag="300" ind1=" " ind2=" ">
    <subfield code="a">XI, 254 p</subfield>
  </datafield>
  <datafield tag="650" ind1=" " ind2=" ">
    <subfield code="a">1. AGRICULTURA - ASPECTOS ECON&#xD3;MICOS - M&#xC9;XICO\ 2. DESARROLLO RURAL - M&#xC9;XICO \ 3. DESARROLLO SUSTENTABLE - M&#xC9;XICO\4.  AGRICULTURA Y ESTADO - M&#xC9;XICO&#xCC;</subfield>
  </datafield>
  <datafield tag="952" ind1=" " ind2=" ">
    <subfield code="0">0</subfield>
    <subfield code="1">0</subfield>
    <subfield code="4">0</subfield>
    <subfield code="7">0</subfield>
    <subfield code="a">22</subfield>
    <subfield code="b">22</subfield>
    <subfield code="d">2009-08-15</subfield>
    <subfield code="l">1</subfield>
    <subfield code="o">338.10972 E586E</subfield>
    <subfield code="p">01 003657</subfield>
    <subfield code="r">2016-08-23</subfield>
    <subfield code="s">2016-08-23</subfield>
    <subfield code="t">1</subfield>
    <subfield code="w">2012-06-24</subfield>
    <subfield code="y">LB</subfield>
  </datafield>
  <datafield tag="999" ind1=" " ind2=" ">
    <subfield code="c">60836</subfield>
    <subfield code="d">60836</subfield>
  </datafield>
</record>
